| 000 | nam a22 a 4500 | ||
|---|---|---|---|
| 999 |
_c61397 _d61397 |
||
| 003 | BLK | ||
| 005 | 20220630084305.0 | ||
| 008 | 180408b bul|||||r ||||||| ||bul|| | ||
| 010 | _aKNG00065599000 | ||
| 040 | _aBLK | ||
| 041 |
_aBUL _cBUL |
||
| 080 |
_aТоксикология. Отравяния. Учение за отровите. Общи въпроси. Отрови - органични, неорганични, растителни, животински. Вж и 615. 009. Противоотрови вж 615. 27 _b615.9 _x(035) _z615.9(035) |
||
| 080 |
_aРабота с химикали. Професионални отравяния. Професионална токсикология - Абсорбция на вредни вещества, действие на прах. Болести от бактерии или паразити от производствената среда. Вж и 615. 9 _b613.63 _x(035) _z613.63(035) |
||
| 139 |
_aВредни вещества в промишлеността _bВ 87 |
||
| 245 | 1 | 0 |
_aВредни вещества в промишлеността _bСправ. за химици, инж., лекари и др. по пром. токсикология : Ч. 1 - _cпредг. и ред. Николай Васильевич Лазарев; прев. от рус. на том Петър Миладинов. _nТ. 2 _pНеорганични и елементорганични съединения |
| 257 | _aSUN | ||
| 260 |
_bТехника _c1970 - _fЗа том: Хасково : печ. Ат. Стратиев _aСофия |
||
| 300 | _c21 см | ||
| 380 | _a61 | ||
| 500 | _aОриг. загл. Вредные вещества в промышлености. | ||
| 650 | 4 |
_aОрганични съединения - справочници _9290421 |
|
| 650 | 4 |
_aНеорганични съединения - справочници _9290422 |
|
| 650 | 4 |
_aЕлементорганични съединения - справочници _9154822 |
|
| 653 | _aнеорганични вещества | ||
| 653 | _aорганични вещества | ||
| 653 | _aелементорганични вещества | ||
| 700 | 1 |
_aЛазарев, Николай Васильевич _eпредг. и ред. _9290420 |
|
| 700 | 1 |
_aМиладинов, Петър _eпрев. от рус. на том _9370046 |
|
| 760 | 1 |
_d1971 _h756 с., 21 см _nДруги прев. Ал. Белоречки, В. Иванов. - Библиогр. след всеки раздел. _tТ. 2 Неорганични и елементорганични съединения |
|
| 852 | _aЦб 59328 | ||
| 856 | 4 | _qpdf | |
| 856 | 4 | _qpdf | |
| 942 |
_cKNG _n0 _01 _s1 |
||
| 944 |
_aCR _c13.06.2004 _kНаталия_Медовщикова |
||
| 944 |
_aED _c30.01.2013 |
||
| 999 | _d61397 | ||